| 000 | 00476nab#a2200193#c#4500 | ||
|---|---|---|---|
| 999 |
_c53551 _d53551 |
||
| 003 | IEF | ||
| 005 | 20191211105656.0 | ||
| 008 | 950704s1975 uuu|| #####0 b| |u | ||
| 040 |
_aIEF _cES-MaIEF |
||
| 245 |
_aReformas fiscales _b[Editorial] |
||
| 260 | _c1975 | ||
| 650 | 4 |
_aIMPUESTOS _947460 |
|
| 650 | 4 |
_aREFORMA _910750 |
|
| 650 | 4 |
_aESPAÑA _941092 |
|
| 773 | 0 |
_tEn: Hacienda Pública Española _gn. 33, 1975, p. 3-15 |
|
| 942 | _2udc | ||
| 942 | _2udc | ||